| 000 | 01771cam a2200385 a 4500 | ||
|---|---|---|---|
| 001 | 3996272 | ||
| 003 | ARRUPE | ||
| 005 | 20150504150734.0 | ||
| 008 | 960426r1996 nyua 000 0aeng | ||
| 010 | _a 96002960 | ||
| 020 | _a0805048944 (alk. paper) | ||
| 020 | _a0805050876 (pbk. : alk. paper) | ||
| 040 |
_aDLC _cDLC _dDLC |
||
| 041 | 1 |
_aeng _hdut |
|
| 043 | _ae-ne--- | ||
| 050 | 0 | 0 |
_aDS135.N6 _bH54813 1996 |
| 082 | 0 | 0 |
_a940.53/18/09492 _220 |
| 100 | 1 |
_aHillesum, Etty, _d1914-1943. _917663 |
|
| 240 | 1 | 0 |
_aVerstoorde leven. _lEnglish |
| 245 | 1 | 3 |
_aAn interrupted life : _bthe diaries, 1941-1943 ; and, Letters from Westerbork / _cEtty Hillesum ; translated from the Dutch by Arnold J. Pomerans ; foreword by Eva Hoffman ; introduction and notes by Jan G. Gaarlandt. |
| 246 | 3 | 0 | _aLetters from Westerbork |
| 260 |
_aNew York : _bHenry Holt, _c1996. |
||
| 300 |
_axxiv, 376 p. : _bill. ; _c21 cm. |
||
| 500 | _aPreviously published (1st work): 1st American ed. New York : Pantheon Books, 1984. Previously published (2nd work): 1st English language ed. New York : Pantheon Books, 1986. | ||
| 600 | 1 | 0 |
_aHillesum, Etty, _d1914-1943. _917664 |
| 650 | 0 |
_aHolocaust, Jewish (1939-1945) _zNetherlands _xPersonal narratives. _917665 |
|
| 650 | 0 |
_aJews _zNetherlands _xBiography. _917666 |
|
| 651 | 0 |
_aNetherlands _xEthnic relations. _917667 |
|
| 700 | 1 |
_aGaarlandt, J. G. _917668 |
|
| 700 | 1 | 2 |
_aHillesum, Etty, _d1914-1943. _tDenkende hart van de barak. _lEnglish. _917669 |
| 856 | 4 | 2 |
_3Publisher description _uhttp://www.loc.gov/catdir/description/hol055/96002960.html |
| 906 |
_a7 _bcbc _corignew _d1 _eocip _f19 _gy-gencatlg |
||
| 942 |
_2lcc _cMONOGRAPH |
||
| 999 |
_c122800 _d122800 |
||